000 01068cam a22002891 4500
001 l 31000047
003 DLC
005 20260227111533.0
008 840517s1931 dcua f000 0 eng
010 _al 31000047
035 _a(OCoLC)10746061
040 _aDLC
_cViBlbV
_dNBrockU
_dDLC
042 _apremarc
050 1 0 _aHD6093
_b.A35 no. 83
086 0 _aL 13.3:83
100 1 _aManning, Caroline.
245 1 0 _aFluctuation of employment in the radio industry,
_cby Caroline Manning.
260 _aWashington,
_bU.S. Govt. Print. Off.,
_c1931.
300 _a v, 66 p.
_bincl. tables. diagrs.
_c23 cm.
490 1 _aBulletin of the Women's Bureau ;
_vno. 83
500 _aAt head of title: United States Dept. of Labor, W.N. Doak, Secretary ;. Women's Bureau, Mary Anderson, Director.
504 _aIncludes bibliographical references.
650 0 _aRadio supplies industry
_zUnited States.
650 0 _aWomen
_xEmployment
_zUnited States.
710 1 _aUnited States.
_bWomen's Bureau.
830 0 _aBulletin (United States. Women's Bureau) ;
_vno. 83
999 _c36010
_d36010